000 00602nam a2200193Ia 4500
008 151119s9999||||xx |||||||||||||| ||und||
082 _a928.9146
082 _bGKKV6024
100 _aमाडगुळकर ग दि
245 _aवाटेवरच्या सावल्या
260 _a--
260 _b--
260 _c0
600 _aमाडगुळकर ग दि
630 _aवाटेवरच्या सावल्या
700 _aमाडगुळकर ग दि
730 _aवाटेवरच्या सावल्या
942 _cBOOK
999 _c1060950
_d1060947